| 000 | 00768nam a2200217 a 4500 | ||
|---|---|---|---|
| 001 | 000022078 | ||
| 005 | 20200930011555.0 | ||
| 008 | 100916s1967 sp r 000 0 spa d | ||
| 040 |
_aDO-SdBNP _bspa _cBNPHU |
||
| 082 |
_a303.6608 _bE35e |
||
| 100 | 1 |
_aEinstein, Albert, _d1879-1955 _931143 |
|
| 245 | 1 | 0 |
_aEscritos sobre la paz / _cAlbert Einstein ; edición Otto Natha , Heinz Norden ; prólogo Bertrand Russell ; traducción Jordi Solé-Tura. |
| 260 |
_aBarcelona : _bPenínsula, _c1967. |
||
| 300 |
_a494 p. ; _c20 cm. |
||
| 650 | 4 |
_aPaz _xColecciones de escritos _945734 |
|
| 700 | 1 |
_aNatha, Otto, _eed. _945735 |
|
| 700 | 1 |
_aNorden, Heinz, _eed. _945736 |
|
| 700 | 1 |
_aRussell, Bertrand, _epról. _945737 |
|
| 700 | 1 |
_aSolé-Tura, Jordi, _etr. _944602 |
|
| 049 | _aBNGR | ||
| 999 |
_c21576 _d21576 |
||